Two-stage regression model

Bibliographic Details
Main Author: Kubáček, Lubomír, 1931-2026 (Author)
Format: Article
Language:Slovak
PhysicalDescription:Res. rus., angl., lit. 7 zázn. v angl.
Subjects:

MARC

LEADER 00000nab a2200000 a 4500
001 vtls000353660
003 SK-MaSNL
005 20260327153027.0
008 230223c1988 xo 0 slo
015 |a SNBRB19rr/mm-uuuuu 
035 |a CL0353782 
035 |a urn:nbn:sk:snk-abbjd7 
035 |a (urnnbn)urn:nbn:sk:snk:ar-006jce 
035 |a (uuid)0a2c7ff7-0e02-4dc2-a2a3-d876f11825e3 
040 |a SNKBUCL  |b slo  |c SNKBUCL  |e AACR2 
041 0 |a slo 
044 |a xo  |c SK 
080 |a 517.548:517.52:515.124:512.548  |2 1981 
080 |a 517.52  |2 1981 
080 |a 515.124  |2 1981 
080 |a 512.548  |2 1981 
100 1 |a Kubáček, Lubomír,  |d 1931-2026  |4 aut  |9 1635769 
245 1 0 |a Two-stage regression model  |c Lubomír Kubáček 
300 |b Res. rus., angl., lit. 7 zázn. v angl. 
650 0 7 |a matice (matematika)  |2 snkbucl  |9 99437 
650 0 7 |a priestory Euklidove (mat.)  |2 snkbucl  |9 1183887 
650 0 7 |a postupnosti (mat.)  |2 snkbucl  |9 979232 
650 0 7 |a regresné modely  |2 snkbucl  |9 85154 
655 7 |a články z novín a časopisov  |2 snkbucl  |9 267496 
773 0 |t Mathematica slovaca  |g Roč. 38, č. 4 (1988), s. 383-393 
850 |a Slovenská národná knižnica v Martine  |a MTA001 
852 |a SNK  |b KIS3GCP 
954 |a odborná, vedecká literatúra pôvodná (slovenská)  |2 lita 
958 |a NB 
958 |a RK 
958 |a OND 
958 |a EUIPO 
958 |a article15 
992 |a RBX 
999 |c 2575384  |d 2577314